000 01154nam a2200265 i 4500
001 187475
003 ES-MaACL
005 20250828023500.0
008 170822s1688 it |||| | spa d
100 1 _aCarafa, Carlo Maria (
_d1651-1695)
_934936
245 1 0 _aInstruccion christiana de principes, y reyes
_b: sacada de la Escritura diuina /
_cpor Carlos Maria Carafa.
250 _aDos veces impressa en el ydioma toscano, y esta tercera en Español.
260 _aPalermo :
_bpor Thomas Romolo...,
_c1688.
300 _a9 h., 2 lám., 392 p., 2 h. ;
_c21 cm.
530 _aDisponible en formato digital.
597 _aAnteportada.
597 _aPort. fileteada.
599 _aFrontis grabado por Blondeau y retr. de Carlos Maria Carafa por el mismo grabador en la hoja siguiente a la portada.
650 7 _aEducación de príncipes
_2embne
_912100
650 7 _aÉtica política
_2embne
_9136540
700 1 _aBlondeau, Jacques.
_929543
852 _aES-MaACL
_jR-338
_z- Enc. perg.
_x Olim: D-811
856 _uhttp://bdh-rd.bne.es/viewer.vm?id=0000088758&page=1
_zBiblioteca Digital Hispánica
999 _c187475
_d187475